Movies Quiz

Random Movies or Food Quiz

Movies by Sandwich Quiz Stats

Quiz Updated Dec 18, 2017

Also try: Food on Film
Challenge
Share
Tweet
Score 0/20 Timer 05:00
1 Play Today
% Correct
Pulp Fiction
92.9%
The Breakfast Club
89.1%
When Harry Met Sally...
86%
Dumb and Dumber
83%
Happy Gilmore
77.2%
Kill Bill: Vol. 2
72.7%
National Lampoon's Vacation
68.8%
War of the Worlds
61.7%
Good Burger
56.7%
Super Troopers
56.6%
% Correct
Goldeneye
50.7%
Point Break
45.2%
Cloudy with a Chance of Meatballs 2
43.3%
Falling Down
37.9%
UHF
25.5%
Diner
22.8%
Mystery Men
22.8%
Benny & Joon
20.7%
Dave
19.8%
Troll 2
2.6%

You're not logged in!

Compare scores with friends on all Sporcle quizzes.
Sign Up with Email
OR
Log In

You Might Also Like...

Show Comments

Extras

Top Quizzes Today


Score Distribution

Your Account Isn't Verified!

In order to create a playlist on Sporcle, you need to verify the email address you used during registration. Go to your Sporcle Settings to finish the process.